KOHA-Header-6

Interpersonal Skills In Organizations (Record no. 1059)

000 -LEADER
fixed length control field 00361nam a2200133Ia 4500
008 - FIXED-LENGTH DATA ELEMENTS--GENERAL INFORMATION
fixed length control field 190722s9999 xx 000 0 und d
020 ## - INTERNATIONAL STANDARD BOOK NUMBER
International Standard Book Number 978-0-07-811256-0
100 ## - MAIN ENTRY--PERSONAL NAME
Personal name Janasz, Dowd, Schneider
245 #0 - TITLE STATEMENT
Title Interpersonal Skills In Organizations
250 ## - EDITION STATEMENT
Edition statement 4th Ed.
260 ## - PUBLICATION, DISTRIBUTION, ETC. (IMPRINT)
Place of publication, distribution, etc New York
Name of publisher, distributor, etc The McGraw Hill Companies Inc.
Date of publication, distribution, etc 2009
300 ## - PHYSICAL DESCRIPTION
Extent 474
942 ## - ADDED ENTRY ELEMENTS (KOHA)
Koha item type Books
Holdings
Withdrawn status Lost status Damaged status Not for loan Collection code Permanent Location Current Location Shelving location Date acquired Full call number Barcode Date last seen Price effective from Koha item type
        Management MAJU MAJU   2019-07-22 158.7 7684 2019-07-22 2019-07-22 Management

Powered by Koha